000
00300nam a2200109Ia 4500
008
220204s9999 xx 000 0 und d
082
_a
025.06
_b
HEA
100
_a
Heaps, H S
245
0
_a
Information retrieval: Computational and theoretical aspects
260
_a
New York
_b
Academic
_c
1978
942
_c
BK
999
_c
30141
_d
30141